| Tag |
First Indicator |
Second Indicator |
Subfields |
| LEADER |
00000cam a2200000Mi 4500 |
| 001 |
in00004164321 |
| 008 |
190214s2019 vraa g c 000 0 eng |
| 005 |
20250318215148.5 |
| 019 |
|
|
|a 1104065122
|
| 020 |
|
|
|a 9781925432657
|
| 020 |
|
|
|a 1925432653
|q (paperback)
|
| 035 |
|
|
|a (OCoLC)on1085889279
|
| 035 |
|
|
|a (OCoLC)1085889279
|z (OCoLC)1104065122
|
| 040 |
|
|
|a AU@
|b eng
|e rda
|c AU@
|d YDX
|d ATVNG
|d OCLCF
|d ERASA
|d NLGGC
|d OCLCQ
|d UtOrBLW
|
| 042 |
|
|
|a anuc
|
| 050 |
|
4 |
|a N6490
|
| 082 |
0 |
4 |
|a 700.411
|
| 100 |
1 |
|
|a Cai, Guoqiang,
|d 1957-
|e artist.
|0 http://id.loc.gov/authorities/names/nr95010310
|
| 245 |
1 |
0 |
|a Cai Guo-Qiang :
|b the transient landscape /
|c Lesley Ma, Cai Guo-Qiang & Yuko Hasegawa.
|
| 246 |
3 |
0 |
|a Transient landscape
|
| 264 |
|
1 |
|a Melbourne, VIC :
|b National Gallery of Victoria,
|c 2019.
|
| 300 |
|
|
|a 207 pages :
|b illustrations ;
|c 29 cm
|
| 336 |
|
|
|a text
|b txt
|2 rdacontent
|
| 336 |
|
|
|a still image
|b sti
|2 rdacontent
|
| 337 |
|
|
|a unmediated
|b n
|2 rdamedia
|
| 338 |
|
|
|a volume
|b nc
|2 rdacarrier
|
| 500 |
|
|
|a Published for the exhibition "Cai Guo-Qiang: The Transient Landscape" held at the National Gallery of Victoria, Melbourne, Australia, 24 May - 13 October 2019.
|
| 520 |
|
|
|a The work of contemporary artist Cai Guo-Qiang explores destruction and - as he sees it - its birthing of construction. This volume examines Cai's practice through essays by Lesley Ma, Curator of Ink Art at M+ museum, Hong Kong; Yuko Hasegawa, Artistic Director at the Museum of Contemporary Art, Tokyo; and the artist himself. The publication also features detailed imagery of works Cai has created specially for the National Gallery of Victoria, from process to finished artwork, and statements from the artist about each piece. Cai Guo-Qiang: The Transient Landscape stands as testament to the artist's ongoing commitment to investigating both external and internal worlds.
|
| 500 |
|
|
|a In a dual presentation of Chinese art and culture past and present, the Melbourne Winter Masterpieces series at the National Gallery of Victoria presents China's ancient terracotta warriors alongside an exhibition of new works by one of the world's most exciting contemporary artists, Cai Guo-Qiang.
|
| 600 |
1 |
0 |
|a Cai, Guoqiang,
|d 1957-
|v Exhibitions.
|
| 600 |
1 |
7 |
|a Cai, Guoqiang,
|d 1957-
|2 fast
|0 (OCoLC)fst00353250
|
| 650 |
|
0 |
|a Installations (Art)
|v Exhibitions.
|0 http://id.loc.gov/authorities/subjects/sh2008104691
|
| 650 |
|
0 |
|a Art, Modern
|v Exhibitions.
|0 http://id.loc.gov/authorities/subjects/sh2007101428
|
| 650 |
|
0 |
|a Art, Chinese
|y 21st century
|v Exhibitions.
|0 http://id.loc.gov/authorities/subjects/sh2009115743
|
| 650 |
|
7 |
|a Art, Chinese.
|2 fast
|0 (OCoLC)fst00816103
|
| 650 |
|
7 |
|a Art, Modern.
|2 fast
|0 (OCoLC)fst00816615
|
| 650 |
|
7 |
|a Installations (Art)
|2 fast
|0 (OCoLC)fst00974250
|
| 650 |
|
7 |
|a Fine arts: treatments & subjects.
|2 thema
|
| 650 |
|
7 |
|a Fine arts: art forms.
|2 thema
|
| 648 |
|
7 |
|a 2000-2099
|2 fast
|
| 653 |
|
|
|a Australian
|
| 655 |
|
7 |
|a Exhibition catalogs.
|2 fast
|0 (OCoLC)fst01424028
|
| 655 |
|
7 |
|a Exhibition catalogs.
|2 lcgft
|0 http://id.loc.gov/authorities/genreForms/gf2014026098
|
| 700 |
1 |
|
|a Ma, Lesley.
|
| 700 |
1 |
|
|a Hasegawa, Yūko,
|d 1955-
|0 http://id.loc.gov/authorities/names/nr91027719
|
| 710 |
2 |
|
|a National Gallery of Victoria.
|0 http://id.loc.gov/authorities/names/n80050339
|
| 852 |
8 |
|
|b pda,print
|z This title is available for the library to purchase for your use. Click the "Purchase It For Me" button to place a request. This item may take 5-10 business days to arrive.
|
| 955 |
|
|
|a Print PDA title
|
| 961 |
|
|
|m 565730
|
| 999 |
f |
f |
|s c7af2181-7a3f-4cbd-82b4-ca3abb96011b
|i 72bebe5a-28c8-322a-992f-dce4a7b3f22f
|t 0
|
| 952 |
f |
f |
|a Texas A&M University
|b College Station
|c Sterling C. Evans Library
|d Purchase on Demand
|t 0
|e N6490
|h Library of Congress classification
|
| 998 |
f |
f |
|a N6490
|t 0
|l Purchase on Demand
|